[Event "5. OPEN International Championship of Vo"]
[Site "Novi Sad"]
[Date "2014.07.16"]
[Round "6.30"]
[White "Burovic, Rijad"]
[Black "Kler, Borko"]
[Result "0-1"]
[WhiteElo "2061"]
[BlackElo "2242"]
[PlyCount "88"]
[EventDate "2014.07.12"]

1. e4 c5 2. d3 e6 3. g3 d5 4. Nd2 Nc6 5. Bg2 Nf6 6. Ngf3 Be7 7. O-O O-O 8. e5
Nd7 9. Re1 Qc7 10. Qe2 b5 11. Nf1 Bb7 12. h4 Rac8 13. N1h2 Nd4 14. Qd1 Nxf3+
15. Nxf3 d4 16. Qe2 Rfe8 17. Bf4 Nb6 18. Ng5 Bxg5 19. Bxg5 h6 20. Qh5 hxg5 21.
hxg5 Nd7 22. Bxb7 Qxb7 23. Re4 Nf8 24. f4 c4 25. Re2 Rc5 26. Kf2 cxd3 27. cxd3
Qc6 28. Rh1 Ng6 29. Qf3 Rc8 30. Qxc6 R8xc6 31. Kf3 Rc2 32. Rhh2 Rxe2 33. Rxe2
Ne7 34. Ke4 Nf5 35. Rd2 Rc1 36. g4 Re1+ 37. Kf3 Re3+ 38. Kf2 Nh4 39. Rc2 Ng6
40. Rc8+ Kh7 41. Rc7 Nxf4 42. Rxf7 Nxd3+ 43. Kg2 Nxe5 44. Rxa7 d3 0-1

[Event "5. OPEN International Championship of Vo"]
[Site "Novi Sad"]
[Date "2014.07.16"]
[Round "6.31"]
[White "Ujhazi, Ivan"]
[Black "Cvetanovic, Damjan"]
[Result "1/2-1/2"]
[WhiteElo "2241"]
[BlackElo "2027"]
[PlyCount "103"]
[EventDate "2014.07.12"]

1. e4 e5 2. Nc3 Nf6 3. f4 d5 4. fxe5 Nxe4 5. Nf3 Be7 6. Bd3 f5 7. exf6 Nxf6 8.
O-O O-O 9. Be2 c5 10. d4 Nc6 11. Bg5 cxd4 12. Nb5 Ne4 13. Bxe7 Qxe7 14. Nbxd4
Be6 15. Nxe6 Qxe6 16. c3 Qd6 17. Qd3 Qc5+ 18. Nd4 Nxd4 19. cxd4 Qb4 20. Bf3
Rad8 21. a3 Qb6 22. b4 Ng5 23. Bg4 Ne4 24. Rad1 Rxf1+ 25. Rxf1 Rf8 26. Rxf8+
Kxf8 27. Bf5 Nf6 28. Qc3 Qc6 29. Qc5+ Ke8 30. Kf2 Nd7 31. Qxc6 bxc6 32. Bxh7
Nb6 33. Bd3 Na4 34. h4 Nc3 35. g4 Kf7 36. h5 Kf6 37. Kf3 Kg5 38. Bf5 Nb5 39.
Bd7 Nxd4+ 40. Kg3 Nc2 41. Bxc6 d4 42. Bd7 Nxa3 43. Kf3 a6 44. Ke4 Nc2 45. b5
axb5 46. Bxb5 Ne3 47. Kxd4 Nxg4 48. Ke4 Nf6+ 49. Kf3 Nxh5 50. Be8 Nf6 51. Bc6
Kf5 52. Bb7 1/2-1/2

[Event "5. OPEN International Championship of Vo"]
[Site "Novi Sad"]
[Date "2014.07.16"]
[Round "6.32"]
[White "Kovacevic, Sinisa"]
[Black "Besedes, Danilo"]
[Result "0-1"]
[WhiteElo "2224"]
[BlackElo "2029"]
[PlyCount "74"]
[EventDate "2014.07.12"]

1. d4 Nf6 2. Nf3 g6 3. g3 Bg7 4. Bg2 O-O 5. O-O d5 6. c4 c6 7. Ne5 dxc4 8. Na3
Be6 9. Naxc4 Nbd7 10. e4 Nxe5 11. Nxe5 Nd7 12. Nxd7 Qxd7 13. Be3 Rfd8 14. e5
Bd5 15. f4 f5 16. h3 e6 17. g4 Qf7 18. b4 Bf8 19. Bxd5 Rxd5 20. Rb1 a5 21. a3
axb4 22. axb4 Ra3 23. Qc1 Ra4 24. b5 cxb5 25. Qc8 Rc4 26. Qb8 Rc3 27. Kf2 Rc2+
28. Kg3 Rc3 29. Kf2 Qe7 30. Rfc1 Qh4+ 31. Ke2 Rxe3+ 32. Kxe3 Qg3+ 33. Ke2 Qg2+
34. Kd3 Qe4+ 35. Kc3 Qxd4+ 36. Kb3 Qa4+ 37. Kb2 Rd2+ 0-1